[Event "FRA-chT4 0506"]
[Site "France"]
[Date "2006.??.??"]
[Round "8"]
[White "Jauffrineau, Michel"]
[Black "Gely, Bernard"]
[Result "0-1"]
[WhiteElo "1760"]
[BlackElo "1990"]
[PlyCount "94"]
[EventDate "2005.10.02"]
[EventType "team-tourn"]
[EventRounds "9"]
[EventCountry "FRA"]
[SourceTitle "EXT 2007"]
[Source "ChessBase"]
[SourceDate "2006.11.23"]
[SourceVersion "1"]
[SourceVersionDate "2006.11.23"]
[SourceQuality "1"]

1. d4 Nf6 2. c4 e6 3. Nc3 Bb4 4. e3 c5 5. Nf3 b6 6. Bd3 0-0 7. 0-0 Bxc3 8. bxc3 Nc6 9. e4 d6 10. Re1 Qc7 11. Bg5 Nd7 12. Bf4 Ba6 13. d5 Na5 14. Nd2 e5 15. Bg3 Kh8 16. f4 exf4 17. Bxf4 Rae8 18. Qf3 Ne5 19. Bxe5 Rxe5 20. Rf1 Qe7 21. Rf2 Qd7 22. Qd1 Rfe8 23. Qc2 Rh5 24. Raf1 f6 25. Rf5 Re5 26. Rxe5 Rxe5 27. Qd1 Qe8 28. Rf3 h6 29. Rg3 f5 30. Re3 fxe4 31. Rxe4 Rxe4 32. Nxe4 Bxc4 33. Bxc4 Qxe4 34. Bd3 Qxd5 35. Qe2 Qe5 36. Qf3 Qe1+ 37. Bf1 Qe7 38. h3 Nb7 39. Ba6 Nd8 40. Bc4 g5 41. Kh2 Kg7 42. Bb3 Nf7 43. Qf1 Qf6 44. Qd3 Ne5 45. Qa6 Qe7 46. Qe2 d5 47. Qd2 Qd6 0-1

[Event "Sautron Retif op 0405"]
[Site "Sautron"]
[Date "2004.11.27"]
[Round "3"]
[White "Jauffrineau, Michel"]
[Black "Huguet, Marcel"]
[Result "1-0"]
[WhiteElo "1820"]
[BlackElo "1380"]
[PlyCount "77"]
[EventDate "2004.10.16"]
[EventType "swiss"]
[EventRounds "7"]
[EventCountry "FRA"]
[SourceTitle "EXT 2007"]
[Source "ChessBase"]
[SourceDate "2006.11.23"]
[SourceVersion "1"]
[SourceVersionDate "2006.11.23"]
[SourceQuality "1"]

1. d4 e6 2. c4 c5 3. d5 d6 4. Nc3 e5 5. e4 h6 6. Nf3 Ne7 7. Be2 Ng6 8. Nd2 Be7 9. 0-0 Nd7 10. Bf3 Nf6 11. Rb1 a6 12. b4 b6 13. bxc5 bxc5 14. Nb3 0-0 15. Be3 Bd7 16. Qc2 Bg4 17. Qe2 Qd7 18. h3 Bxf3 19. Qxf3 Nh4 20. Qe2 a5 21. a4 Nh7 22. Nb5 f5 23. Bd2 f4 24. f3 Rf6 25. Kh2 Rg6 26. Rg1 Nf6 27. Be1 Nh5 28. Bf2 Ng3 29. Qe1 Rg5 30. Ra1 Qe8 31. Nc7 Qb8 32. Nxa8 Qxa8 33. Nxa5 Qe8 34. Nc6 Bf6 35. a5 Qg6 36. Ra2 Rh5 37. a6 Rg5 38. a7 Nxf3+ 39. gxf3 1-0

[Event "Sautron Retif op 0405"]
[Site "Sautron"]
[Date "2004.11.13"]
[Round "2"]
[White "Garcia, Gaetan"]
[Black "Jauffrineau, Michel"]
[Result "0-1"]
[WhiteElo "1600"]
[BlackElo "1820"]
[PlyCount "93"]
[EventDate "2004.10.16"]
[EventType "swiss"]
[EventRounds "7"]
[EventCountry "FRA"]
[SourceTitle "EXT 2007"]
[Source "ChessBase"]
[SourceDate "2006.11.23"]
[SourceVersion "1"]
[SourceVersionDate "2006.11.23"]
[SourceQuality "1"]

1. e4 c5 2. c4 Nc6 3. Nc3 Nf6 4. g3 g6 5. Bg2 Bg7 6. Nge2 d6 7. 0-0 0-0 8. d3 Be6 9. f3 Qc8 10. Be3 Bh3 11. Qd2 Bxg2 12. Kxg2 Re8 13. Bh6 Bh8 14. h4 Bg7 15. Bxg7 Kxg7 16. Nd5 Nxd5 17. cxd5 Nd8 18. h5 e6 19. Rh1 Rh8 20. hxg6 fxg6 21. Qh6+ Kg8 22. dxe6 Nxe6 23. Nf4 Nxf4+ 24. Qxf4 Qe6 25. Rh4 Rf8 26. Qg5 Qe5 27. Qxe5 dxe5 28. Rg4 Rd8 29. Rg5 Rxd3 30. Rxe5 Rd2+ 31. Kh3 Rxb2 32. Rxc5 Kg7 33. Rd1 Rf8 34. f4 Rf7 35. e5 Rxa2 36. e6 Re7 37. Rd7 Kf6 38. Rxe7 Kxe7 39. Rc7+ Kxe6 40. Rxh7 a5 41. Rh6 Kf5 42. g4+ Kxf4 43. Rxg6 a4 44. Rf6+ Kg5 45. Rf5+ Kg6 46. Kh4 a3 47. Ra5 0-1